Tous sauf un! Titres de chansons - Choix Multiples - Statistiques

Statistiques générales
  • Ce quiz a été pris 67 fois
    43 depuis la dernière actualisation
  • Le résultat moyen est 11 sur 15
Statistiques - réponses
Question Réponse % Correct
Love Because the _______
95%
Monde Sous le ________
93%
Lune La Vie en _______
90%
Danse Une belle ________
90%
Time Enjoy the _______
83%
Paris Week-end à _______
81%
You _______ are Family
79%
Marie Osez _______
79%
Femme La _______ de Haute-Savoie
76%
California ______ On My Mind
74%
Blue Back to ______
71%
Everybody _________ Be My Baby
69%
Black Little _______ Corvette
60%
Again Haven't Met You ______
55%
Dog The Union of the ________
45%
Aucun quiz correspondant
Distribution des résultats
% des personnes avec chaque résultat
Percentile par nombre de réponses
Votre historique - résultats
Vous n’avez pas pris ce quiz depuis la dernière actualisation